[Event "Harrogate 4NCL op 27th"]
[Site "Harrogate"]
[Date "2022.01.22"]
[Round "2"]
[White "Wilks, Simon"]
[Black "Pal, Rohan"]
[Result "0-1"]
[WhiteElo "2092"]
[BlackElo "1817"]
[PlyCount "86"]
[EventDate "2022.01.21"]
[EventType "swiss"]
[EventRounds "5"]
[EventCountry "ENG"]
[SourceTitle "CBM 206 Extra"]
[Source "ChessBase"]
[SourceDate "2022.03.31"]
[SourceVersion "1"]
[SourceVersionDate "2022.03.31"]
[SourceQuality "1"]

1. e4 c5 2. Nf3 Nc6 3. Bb5 g6 4. 0-0 Bg7 5. Re1 Nf6 6. e5 Nd5 7. Nc3 Nc7 8. Bxc6 dxc6 9. Ne4 Ne6 10. d3 0-0 11. Be3 b6 12. Qd2 Qc7 13. Bh6 Rd8 14. Bxg7 Kxg7 15. Qe3 h6 16. h4 Nd4 17. Nxd4 cxd4 18. Qg3 h5 19. f3 Be6 20. Re2 Rac8 21. Qg5 Qd7 22. b3 c5 23. a4 a6 24. Ng3 Rh8 25. Rae1 b5 26. axb5 axb5 27. Re4 Rc6 28. Ra1 c4 29. bxc4 bxc4 30. Qf4 Rd8 31. Ne2 cxd3 32. cxd3 Qb7 33. Re1 Qb4 34. Rf1 Rc2 35. Nxd4 Rxd4 36. Rxd4 Qb2 37. Re4 Rxg2+ 38. Kh1 Bh3 39. e6 f6 40. Qc7 Kh6 41. Ree1 Rg4 42. Rg1 Bg2+ 43. Kh2 Bf1+ 0-1

[Event "BCF-chT4S 1920 (4NCL)"]
[Site "England"]
[Date "2020.01.11"]
[Round "3.101"]
[White "Wilks, Simon"]
[Black "Zheng, Harry Z"]
[Result "1-0"]
[WhiteElo "2192"]
[BlackElo "1823"]
[PlyCount "93"]
[EventDate "2019.11.09"]
[EventType "team-swiss"]
[EventRounds "11"]
[EventCountry "ENG"]
[SourceTitle "EXT 2022"]
[Source "ChessBase"]
[SourceDate "2021.10.06"]
[SourceVersion "1"]
[SourceVersionDate "2021.10.06"]
[SourceQuality "1"]
[WhiteTeam "All Anands on Deck"]
[BlackTeam "Poisoned Pawns Next Generation"]
[WhiteTeamCountry "ENG"]
[BlackTeamCountry "ENG"]

1. e4 e5 2. Nf3 Nc6 3. Bb5 a6 4. Ba4 Nf6 5. 0-0 Be7 6. Qe2 b5 7. Bb3 0-0 8. c3 d6 9. h3 Na5 10. Bc2 c5 11. d4 Qc7 12. Rd1 Bd7 13. d5 Rfc8 14. Nbd2 c4 15. Nf1 Bf8 16. g4 g6 17. Bg5 Bg7 18. Ng3 h6 19. Be3 Kh8 20. Qd2 Ng8 21. Kg2 Kh7 22. g5 h5 23. Qe2 Ne7 24. Nh4 Rh8 25. Rf1 Qc8 26. Rh1 Nb7 27. Raf1 Qc7 28. f4 exf4 29. Rxf4 Raf8 30. Qf2 Be8 31. Nf3 a5 32. Bd4 Bxd4 33. Nxd4 Rfg8 34. Rxf7+ Bxf7 35. Qxf7+ Rg7 36. Qxg7+ Kxg7 37. Ne6+ Kg8 38. Nxc7 h4 39. Ne2 Rh5 40. Ne6 Nc5 41. N2f4 Rh7 42. Nxc5 dxc5 43. Ne6 Rh5 44. Rf1 Rh8 45. Rf8+ Kh7 46. Rf7+ Kg8 47. Rg7# 1-0